000 01042nas a2200313 4500
001 BR2011008131
003 BR-BrBNA
005 20231205115845.0
007 ta
008 230509b bl.|||p| |||| 00| 00por d
040 _aBR-BrBNA
_bpor
_cBiblioteca Nacional de Agricultura
041 _a(Pt)
072 _aL70
100 1 _aSouza, S.F. de
100 1 _aPelizzari, C.
100 1 _aSalbego, F.Z.
100 1 _aRaiser, A.G.
100 1 _aMazzanti, A.
100 1 _aPadilha Filho, J.G.
245 1 _aEstimulação elétrica neuromuscular de baixa frequência na reabilitação de cães
246 1 _aNeuromuscular electrical stimulation of low frequency in dog's rehabilitation
650 _aCÃO
650 _aMÚSCULO
650 _aLESÃO
650 _aTERAPIA
773 0 _tMEDVEP. Revista Científica de Medicina Veterinária. Pequenos Animais e Animais de Estimação (Brazil)
_xISSN 1678-1430
_g(Jan-Mar 2011), v. 9(28) p. 165-170
_wBR2011008131
909 _a202311
_bLúcia
_c55
_dLúcia Elande
942 _2AGRIS
_n0
_cANA
999 _c216036
_d216036